Sống, Anh với giấc mơ Tiểu thuyết

में बचाया:
ग्रंथसूची विवरण
मुख्य लेखक: Mạc, Phi
अन्य लेखक: Hội Văn nghệ dân gian Việt Nam
स्वरूप: पुस्तक
भाषा:Undetermined
प्रकाशित: H. Hội nhà văn 2018
विषय:
ऑनलाइन पहुंच:http://lrc.tdmu.edu.vn/opac/search/detail.asp?aID=2&ID=36634
टैग : टैग जोड़ें
कोई टैग नहीं, इस रिकॉर्ड को टैग करने वाले पहले व्यक्ति बनें!
Thư viện lưu trữ: Trung tâm Học liệu Trường Đại học Thủ Dầu Một
LEADER 00778nam a2200217Ia 4500
001 TDMU_36634
008 210410s9999 xx 000 0 und d
082 |a 398.20895924 
090 |b M101 
100 |a Mạc, Phi 
245 0 |a Sống, Anh với giấc mơ 
245 0 |b Tiểu thuyết 
245 0 |c Mạc Phi 
260 |a H. 
260 |b Hội nhà văn 
260 |c 2018 
300 |a 419 tr 
650 |a Văn học Việt Nam  |x Văn học hiện đại  |x Tiểu thuyết; Tiểu thuyết  |x Văn học hiện đại  |z Việt Nam 
700 |a Hội Văn nghệ dân gian Việt Nam 
856 |u http://lrc.tdmu.edu.vn/opac/search/detail.asp?aID=2&ID=36634 
980 |a Trung tâm Học liệu Trường Đại học Thủ Dầu Một